000 00295nam a22001337a 4500
008 181025b xxu||||| |||| 00| 0 eng d
020 _a9780198747932
041 _aeng
080 _a321
100 _a22
101 _aPOL
245 _aGovernance By Indicators
_cDavis.K.E
942 _2udc
_cBK
999 _c50930
_d50930